| 000 | 01132 a2200193 4500 | ||
|---|---|---|---|
| 001 | 39956 | ||
| 005 | 20260407155656.0 | ||
| 008 | 260407a arg spa d | ||
| 003 | AR-UNSa-BCEJYS | ||
| 040 |
_aAR-UNSa-BCEJYS _bspa _cAR-UNSa-BCEJYS |
||
| 080 |
_a910 _xGeneralidades. La geografía como ciencia. Exploraciones. Viajes |
||
| 245 | 1 | 0 |
_aLo que dice el mapa _pensayo e geografía razonada, para uso de los maestros |
| 264 | 1 |
_aBuenos Aires : _bKapelusz |
|
| 300 |
_a414 p. _c18 cm. |
||
| 505 | _a1. Dos palabras cerca de la enseñanza de la geografía - 2. La tierra en general - 3. América del sud - 3. Estudio regional de la américa del sud - 4. América del Norte - 5. Estudio regional de la américa del norte - 6. América Central - 7. Las antillas - 8. Europa - 9. Estudio regional de Europa - 10. Asia - 11. Africa - 12. Estudio regional del áfrica - 13. Oceanía - 14. Estudio regional de la Oceanía - 15. República Argentina - 16. Acción del medio físico sobre la vida económica y social dela República Argentina | ||
| 942 | _cBK | ||
| 590 | _aniveau_biblio:m niveau_hierar:0 | ||
| 100 | 1 | _aKühn, Franz | |
| 999 |
_c3171 _d3171 |
||